Statistics for World Capitals Closest to Ottawa

Click here to take the quiz!

General Stats

  • This quiz has been taken 69 times
  • The average score is 11 of 20

Answer Stats

kmcapitalmiles% Correct
735Washington456
100%
3607Mexico City2242
95%
2556Havana1588
78%
3053Kingston1897
74%
2274Nassau1413
72%
3003Port-au-Prince1866
69%
3048Santo Domingo1894
62%
3699Guatemala City2298
57%
3840Managua2386
50%
3363Belmopan2090
48%
3403St John's2115
48%
3611Roseau2244
47%
3755San Salvador2333
47%
3656Tegucigalpa2272
47%
3355Basseterre2085
40%
3761Castries2337
40%
2562Nuuk1592
28%
3703Oranjestad2301
22%
3763Willemstad2338
19%
3267Philipsburg2030
12%

Score Distribution

Percentile by Number Answered

Percent of People with Each Score

Your Score History

You have not taken this quiz